Penúmbra (Record no. 152201)
[ view plain ]
| 000 -LEADER | |
|---|---|
| campo de control de longitud fija | 00605nam a22001815i 4500 |
| 001 - NÚMERO DE CONTROL | |
| campo de control | 152201 |
| 003 - IDENTIFICADOR DE NÚMERO DE CONTROL | |
| campo de control | ES-MaACL |
| 005 - FECHA Y HORA DE LA ÚLTIMA TRANSACCIÓN | |
| campo de control | 20230910063055.0 |
| 008 - DATOS DE LONGITUD FIJA--INFORMACIÓN GENERAL | |
| campo de control de longitud fija | 970917s1882 sp |||| | spa d |
| 040 ## - FUENTE DE CATALOGACIÓN | |
| Centro catalogador/agencia de origen | CAM |
| Lengua de catalogación | spa |
| Centro/agencia transcriptor | CAM |
| 100 1# - ENTRADA PRINCIPAL--NOMBRE DE PERSONA | |
| Nombre de persona | Blanco Asenjo, Ricardo, |
| Fechas asociadas al nombre | 1847-1897 |
| 9 (RLIN) | 126008 |
| 245 10 - MENCIÓN DEL TÍTULO | |
| Título | Penúmbra |
| Resto del título | : poesías y poemas / |
| Mención de responsabilidad, etc. | R. Blanco Asenjo. |
| 250 ## - MENCION DE EDICION | |
| Mención de edición | 2ª ed. |
| 260 ## - PUBLICACIÓN, DISTRIBUCIÓN, ETC. | |
| Lugar de publicación, distribución, etc. | Madrid : |
| Nombre del editor, distribuidor, etc. | [s.n.], |
| Fecha de publicación, distribución, etc. | 1882 ( |
| Fabricante | Fernando Cao y Domingo de Val) |
| 300 ## - DESCRIPCIÓN FÍSICA | |
| Extensión | XIX, 272 p. ; |
| Dimensiones | 22 cm. |
| 852 ## - LOCALIZACIÓN | |
| Ubicación | ES-MaACL |
| Número de control de estantería | Z-202 |
| Encuadernación | Olim: G-7092 |
| Signatura antigua | |
| Nota libre | -- Enc. pasta española |
| Estatus retirado | Estado de pérdida | Estado de daño | No para préstamo | Colección | Biblioteca de origen | Biblioteca actual | Ubicación en estantería | Fecha de adquisición | Total de préstamos | Signatura topográfica completa | Código de barras | Visto por última vez | Precio de reemplazo | Tipo de ítem Koha |
|---|---|---|---|---|---|---|---|---|---|---|---|---|---|---|
| Libros del s. XIX | Biblioteca del Ateneo de Madrid | Biblioteca del Ateneo de Madrid | Depósito Z | 17/01/2008 | Z-202 | 1158896 | 23/02/2023 | 23/02/2023 | Libro impreso antiguo |
